Fortnite Bosses By Location - Statistics

General Stats
  • This quiz has been taken 336 times
  • The average score is 9 of 13
Answer Stats
Location Boss % Correct
The Agency Midas
99%
The Grotto Brutus
85%
The Shark Skye
80%
The Yacht Deadpool
76%
The Rig TNTina
76%
Stark Industries Iron Man
73%
Doom's Domain Dr. Doom
69%
Catty Corner Kit
64%
The Yacht / Box Factory Meowscles
61%
The Authority Jules
60%
Weeping Woods Wolverine
58%
The Fortilla Ocean
51%
The Ruins Shadow Midas
35%
No matching quizzes found
Score Distribution
Percent of People with Each Score
Percentile by Number Answered
Your Score History
You have not taken this quiz